Animal Crossing Names - Statistics

General Stats
  • This quiz has been taken 418 times
  • The average score is 29 of 60
Answer Stats
Hint Answer % Correct
Masked shop owner who you most likely still owe money Tom Nook
91%
A talkative owl Blathers
81%
Looks a lot like Sonic the Hedgehog Mabel Able
81%
You'll see him if you forget to save Resetti
81%
Shy, hard-working sister of the above Sable Able
81%
Cute yellow dog who helps out the mayor Isabelle
75%
Plays the guitar K.K. Slider
75%
Twin sons of the above Timmy and Tommy
73%
A CRRRAAAZZZYYYY fox who sells paintings that may or may not be forged Crazy Redd
69%
The only human in the entire game Player
66%
Pelican who works in the civic center during the day Pelly
65%
Sister of the above Celeste
64%
He has a pumpkin head Jack
63%
A very self absorbed mayor Tortimer
62%
He is a driver, and in wild world, he is the first character that you see Kapp'n
61%
Mail carrier who has a crush on the two above Pete
60%
Coffee loving bird Brewster
59%
You will know him as either a creepy therapist or a terrible comedian- or possibly even both Dr. Shrunk
57%
A carpet-selling camel Sahara
57%
Pink alpaca who works at Re-Tail Reese
56%
Blue alpaca who works at Re-Tail Cyrus
55%
Fashionista Gracie
55%
Sells turnips Joan
55%
Skunk who sells shoes Kicks
54%
Runs the gardening store in New Leaf Leif
53%
She's a fortune teller Katrina
52%
Sister of the two above that was not seen for the first few games Labelle Able
51%
You make him out of snow Snowman
51%
Traveling cat. He's the first character that you see in New Leaf Rover
50%
Appears on Bunny day Zipper T. Bunny
50%
You get to draw her face Blanca
49%
Dog who works at the gate, and is in charge of the lost and found Booker
48%
Brother of the above Don Resetti
47%
Flies a UFO, but was a sailor in the first game Gulliver
45%
Reindeer who appears on Toy Day Jingle
45%
Is a sort of police officer dog who works at the gate along with someone else Copper
44%
Will attempt to sell you a very shady insurance policy Lyle
44%
Sister of the above Phyllis
44%
He is the only Gyroid who is also a character Lloid
43%
A sea otter who gives you.. interesting advice Pascal
43%
In the original game, he's a ghost. In New Leaf, he's a Genie Wisp
40%
Fishing tournament holder Chip
39%
She works as the hair dresser Harriet
38%
Daughter of the above Katie
37%
Is in charge of the Dream Suite Luna
35%
A peacock who appears in City Folk Pavé
33%
Kapp'n's daughter Leila
31%
Hosts the Bug-Off in New Leaf Nat
30%
Turtle who appears at the acorn festival and may or may not be the mayor turtle in disguise Cornimer
29%
Monkey who runs a train station Porter
29%
The one animal who probably shouldn't be at the harvest festival Franklin
26%
Hungry hungry walrus Wendell
26%
Kapp'n's wife Leilani
24%
Loves to give things away, and is like a scoutmaster in New leaf Phineas
24%
Kapp'n's mother Grams
17%
You can find her near the fountain in City Folk Serena
17%
She's always looking for her daughter Kaitlin
13%
In City Folk, he is known as Dr. Shrunk's teacher Frillard
12%
Lives in a wishing well Farley
9%
In charge of the Happy Home Showcase Digsby
8%
No matching quizzes found
Score Distribution
Percent of People with Each Score
Percentile by Number Answered
Your Score History
You have not taken this quiz